FC Barcelona Squad 2017-2018 - Statistics

General Stats
  • This quiz has been taken 3,583 times
  • The average score is 18 of 25
Answer Stats
Nbr Post Nationality Player % Correct
10 FW Argentina Lionel Messi
98%
9 FW Uruguay Luis Suarez
97%
1 GK Germany Marc-André Ter Stegen
97%
6 MF Spain Denis Suarez
95%
3 DF Spain Gerard Piqué
95%
8 MF Spain Andrès Iniesta
93%
4 MF Croatia Ivan Rakitic
93%
11 FW France Ousmane Dembélé
89%
5 MF Spain Sergio Busquets
88%
7 MF Turkey Arda Turan
85%
23 DF France Samuel Umtiti
80%
2 DF Portugal Nelson Semedo
79%
14 DF Argentina Javier Mascherano
76%
18 DF Spain Jordi Alba
72%
13 GK Netherlands Jasper Cillessen
65%
20 MF Spain Sergi Roberto
65%
- Coach Spain Ernesto Valverde
64%
21 MF Portugal André Gomes
61%
12 MF Brazil Rafinha
56%
25 DF Belgium Thomas Vermaelen
56%
15 MF Brazil Paulinho
54%
19 DF France Lucas Digne
43%
22 DF Spain Aleix Vidal
36%
17 FW Spain Paco Alcacer
35%
16 MF Spain Gerard Deulofeu
21%
No matching quizzes found
Score Distribution
Percent of People with Each Score
Percentile by Number Answered
Your Score History
You have not taken this quiz